| 000 | | | 03744nmc2a22000003x 450 |
| 001 | | | f6dcb738-c6d2-4504-80ea-368a3a12ef4b |
| 005 | | | 20210203172744.0 |
| 100 | ## | $a | 20191021l18561856k l0rusy0189 ca |
| 101 | 0# | $a | rus |
| 102 | ## | $a | RU |
| 200 | 1# | $a | Приказ великого князя Николая Николаевича о вступлении его в должность генерал-инспектора по инженерной части |
| | $j | 25 января 1856 г. |
| 251 | ## | $c | Дело |
| 300 | ## | $a | Дело |
| 801 | #0 | $a | RU |
| | $b | РГИА |
| | $c | 20191021 |
| | $g | RCR |
| 801 | #1 | $a | RU |
| | $b | ГлавНИВЦ |
| | $c | 20191021 |
| | $2 | rusmarc |
| 801 | #2 | $a | RU |
| | $b | ПБ им. Б.Н. Ельцина |
| | $c | 20210203 |
| | $g | RCR |
| | $2 | rusmarc |
| 850 | ## | $a | РГИА |
| 852 | ## | $a | РГИА |
| | $e | Федеральное казенное учреждение "Российский государственный исторический архив" (РГИА) |
| | $j | 1218 |
| 937 | ## | $h | РГИА |
| | $d | 12330378 |
| | $a | ASBIBLIO_SCAN |
| 462 | #0 | $1 | 0014d3a017d-0f59-479d-854a-a33f257889ce |
| | $1 | 2001 |
| | $a | 1620-1914 гг. |
| | $1 | 251 |
| | $c | Опись |
| | $1 | 852 |
| | $j | 1 |
| 461 | #0 | $1 | 0013ac9e1a7-0948-4040-b955-7f6f9bd0478b |
| | $1 | 2001 |
| | $a | Философов Алексей Илларионович (1799-1874), генерал- адъютант, воспитатель великих князей Николая и Михаила Николаевичей, временный военный губернатор Петербурга |
| | $1 | 251 |
| | $c | Фонд |
| | $1 | 852 |
| | $j | 1075 |
| 215 | ## | $a | 1 л. |
| | $d | 24х39 см |
| 371 | ## | $a | Документ не является опубликованным и широко распространяемым |
| 105 | ## | $a | y### |
| 122 | 0# | $a | d |
| 035 | ## | $a | f6dcb738-c6d2-4504-80ea-368a3a12ef4b |
| 856 | ## | $u | http://readingroom.main.prlib.ru/item.aspx?id_node=n156157304&mode=full |